000 00716nam a2200241 a 4500
008
020 _a1412937345 (pbk.)
020 _a0761929355 (cloth)
049 _aMAIN
090 _aLB1028
_bLIC
100 1 _aLichtman, Marilyn.
245 1 0 _aQualitative research in education:
_ba user's guide/
_cMarilyn Lichtman.
260 _aThousand oaks:
_bSage publications
_c2006.
300 _axvi,249p.:
_bill.
_c26cm.
500 _aInclude bibliographical references.
500 _aIncludes index.
650 1 _aEducation
_xresearch.
907 _a.b10257822
_b10-10-18
_c14-11-08
003
005 20230123124918.0
040 _cNUST
942 _cBOOKS
_kLB1028
_mLIC
999 _c132427
_d132427